[Event "Julian Mazur Memorial"]
[Site "Wellington Chess Club"]
[Date "2023.08.25"]
[Round "6.3"]
[White "Sellen, Ian"]
[Black "Cilia Vincenti, David"]
[Result "0-1"]
[WhiteElo "2039"]
[BlackElo "2124"]

1. c4 c5 2. Nc3 Nc6 3. Nf3 e5 4. g3 g6 5. Bg2 Bg7 6. d3 Nge7 7. O-O d6 8. Bd2
O-O 9. Ne1 Be6 10. Nc2 d5 11. cxd5 Nxd5 12. Ne3 Nde7 13. Ne4 b6 14. Ng5 Bd7 15.
Qc1 Nd4 16. Re1 Bc6 17. Ne4 h6 18. Nc4 f5 19. Bxh6 fxe4 20. Bxg7 Kxg7 21. dxe4
Bb5 22. e3 Bxc4 23. Qxc4 Nf3+ 24. Bxf3 Rxf3 25. Qe6 Qc7 26. Rad1 Rf6 27. Qg4
Rd8 28. Qg5 Nc6 29. h4 Rxd1 30. Rxd1 Rd6 31. Rd5 Qd8 32. Qxd8 Rxd8 33. f4 Kf6
34. Kf2 Ke6 35. Rxd8 Nxd8 36. g4 Nc6 37. f5+ Kf7 38. g5 Nb4 39. h5 gxh5 40. Kg3
Nd3 41. Kh4 Nf2 42. Kxh5 Nxe4 43. Kh6 b5 44. g6+ Kg8 45. f6 Nxf6 46. Kg5 c4 0-1

[Event "Julian Mazur Memorial"]
[Site "Wellington Chess Club"]
[Date "2023.08.25"]
[Round "6.7"]
[White "McConnell, Jack"]
[Black "Malcolm, Aidan"]
[Result "1-0"]
[WhiteElo "1640"]
[BlackElo "1831"]

1. e4 e5 2. Nf3 Nc6 3. Bc4 Nf6 4. d3 Be7 5. O-O O-O 6. Bb3 d5 7. exd5 Nxd5 8.
Re1 Bg4 {8...Bf6 is Black's only alternative.} 9. h3 Bh5 {This is one of the
two main theoretical branches from this variation, the other being a fairly
forcing endgame line after 9...Bxf3}  (9... Bxf3 10. Qxf3 Nd4 11. Qxd5 Qxd5 12.
Bxd5 Nxc2 13. Rxe5 Bd6 14. Re2 Nxa1 15. Bxb7 Rae8 16. Be3 {This endgame is
better for White, as the knight should be difficult to extricate for Black. It
is holdable though, and there's definitely room for both sides to outplay.} )
10. g4 {White can't get an advantage without accepting Black's pawn sacrifice.}
10... Bg6 11. Nxe5 Nxe5 12. Rxe5 c6 {This is the main thoretical move, but an
interesting novelty: 12...Nb4, is suggested by Stockfish. The move is
definitely more active, and prevents a favourable trade of Bishop for Knight.}
(12... Nb4 13. Nc3 Kh8 14. Bd2 a5 15. a3 Bd6 16. Re1 Qh4 $5 {The safer 16...Nc6
is probably better, but this line looks fascinating.} 17. Nb5 $1 Nc6 18. Nxd6
cxd6 19. Kg2 f5 {Black loses the dark-squared bishop but has created a
breakthrough on the kingside.} ) 13. Qf3 Bd6 {Once again, this is the main
move, as it seems logical that the bishop should point at White's king.
However, Black has actually scored better with 13...Bf6, which was played in
V.Kramnik-G.Kasparov, Novgorod 1995.} 14. Re1 $6 {This lets White's advantage
slip, the difference is very subtle but White maintains an edge with 14.Re2,
which is the main move, though a few games have been played in the 14.Re1 line
(and amusingly White has a perfect score).}  (14. Re2 f5 15. Bxd5+ cxd5 16.
Qxd5+ Kh8 (16... Rf7 $2 {This is slightly better for Black in the line with
14.Re1, but the same move doesn't work here.} 17. Nc3 fxg4 18. hxg4 {White is
simply better here, and should be able to defend against the attack.} ) 17. Nc3
Rc8 18. Qxb7 {Stockfish claims an edge for White in this extremely double edged
position, however, the price of a mistake seems far higher for White, and the
results in this line have not been promising.} ) 14... f5 $1 {One of Black's
equalising moves, and the first novelty of the game. Black can also start with
14...Kh8} 15. g5 {White has to keep the kingside closed, and if left unchecked
the g-pawn can become quite dangerous for the Black king down the line.}  (15.
Bxd5+ cxd5 16. Qxd5+ Rf7 17. Nc3 fxg4 18. hxg4 $2 {Possible in the 14.Re2 line,
but impossible here because 18...Qh4! hits the f2-pawn, so White cannot take
the bishop on d6.} 18... Qh4 $1 19. Qg2 Raf8 20. Be3 Rf3 {The weakness of the
f2-pawn will give Black enough time to fully launch the kingside attack.} )
15... Kh8 $6 {This extremely natural move fails to maintain the balance. Black
had an extremely difficult move to find in the face of what seems like a
serious threat of c4-c5, winning a piece.}  (15... f4 16. c4 $2 {The move which
looks logical loses to an incredible tactic.} 16... Ne3 $1 17. fxe3 fxe3 18.
Qxe3 Bf4 19. Qe6+ Bf7 20. Qg4 Bxc1 21. Rxc1 Bh5 $1 22. Qxh5 $6 {White should
probably play Qe6+} 22... Qxd3 23. c5+ Kh8 {Black is down two pieces but has
incredible attacking compensation and should be winning.} ) 16. Bxd5 cxd5 17.
Bf4 $1 {Correctly identifying that this trade would leave White with a
favourable imbalance of minor pieces.} 17... Bc5 $2 {Losing time and allowing
White's bishop to sit on a powerful diagonal. Black's best was probably to take
the opportunity to activate the a8-rook.}  (17... Bxf4 18. Qxf4 Qb6 19. b3 Qc5
20. c4 dxc4 21. dxc4 {Black's bishop is restricted and White has a threatening
queenside majority.} )  (17... Rc8 18. c3 Bxf4 19. Qxf4 Qb6 20. Nd2 Qxb2 21.
Nf3 Qxc3 22. d4 {White sacrifices the queenside pawns for a positional
advantage, a dominating outpost on e5, and is now the one with an attack
brewing on the kingside.} ) 18. Nd2 Be8 {Trying to reposition the bishop.} 19.
Nb3 {Simply trying to get d4, after which White is positionally much better.}
19... Be7 $6 {This retreat gives White a powerful tempo.} 20. Qe3 Bd6 {20...Rf7
is objectively better, but Black's pieces are incredibly uncoordinated and
White should still be much better.} 21. Bxd6 $1 {Correctly recognising that the
eventual endgame is forced and winning for White.} 21... Qxd6 22. Qe7 Qxe7 23.
Rxe7 Bc6 24. Na5 Rae8 25. Nxc6 bxc6 26. Rae1 {Black has no chances in this rook
endgame, given there is already a material deficit and Black will either lose
more or get mated, so Aidan decided to resign in a roundabout way.} 26... Rf6
$3 {Forcing checkmate in two.} 27. Rxe8+ Rf8 28. Rxf8# 1-0

[Event "Julian Mazur Memorial"]
[Site "Wellington Chess Club"]
[Date "2023.08.25"]
[Round "6.9"]
[White "Sethuramalingam, Karthik"]
[Black "Ulm, Joy"]
[Result "1-0"]
[WhiteElo "1730"]
[BlackElo "1664"]

1. d4 { [%eval 0.0] } 1... Nf6 { [%eval 0.28] } 2. c4 { [%eval 0.16] } 2... e6
{ [%eval 0.23] } 3. Nf3 { [%eval 0.0] } 3... d5 { [%eval 0.17] } 4. g3 { [%eval
0.2] } 4... Be7 { [%eval 0.22] } 5. Bg2 { [%eval 0.17] } 5... O-O { [%eval 0.3]
} 6. O-O { [%eval 0.22] } 6... c5 { [%eval 0.26] } 7. cxd5 { [%eval 0.71] }
7... cxd4 $2 { [%eval 2.47]   Mistake. exd5 was best. }  (7... exd5 8. dxc5
Bxc5 9. a3 Qe7 10. Nc3 Be6 11. b4 Bb6 12. Bb2) 8. dxe6 { [%eval 1.56] } 8...
Bxe6 { [%eval 1.71] } 9. Nxd4 { [%eval 1.67] } 9... Bd5 { [%eval 1.65] } 10.
Bxd5 { [%eval 1.24] } 10... Nxd5 { [%eval 1.47] } 11. e4 { [%eval 1.58] } 11...
Nf6 { [%eval 1.78] } 12. e5 { [%eval 1.33] } 12... Nd5 $6 { [%eval 2.05]
Inaccuracy. Nfd7 was best. }  (12... Nfd7 13. Bf4 Nc6 14. Nxc6 bxc6 15. Qe2 Nb6
16. Nc3 Qd7 17. b3 Qe6 18. Rac1 Rfd8 19. h4) 13. Nd2 $6 { [%eval 1.17]
Inaccuracy. Qg4 was best. }  (13. Qg4 Qd7 14. Nf5 g6 15. Rd1 Qxf5 16. Qxf5 gxf5
17. Rxd5 Nc6 18. Nc3 Rfd8 19. Be3 Bb4) 13... Qc7 { [%eval 1.35] } 14. N2f3 {
[%eval 1.28] } 14... Nc6 { [%eval 1.19] } 15. Nxc6 { [%eval 1.12] } 15... Qxc6
{ [%eval 1.13] } 16. Nd4 { [%eval 1.18] } 16... Qb6 { [%eval 1.42] } 17. Nf5 {
[%eval 1.5] } 17... Rfd8 $4 { [%eval 3.75]   Blunder. Qe6 was best. }  (17...
Qe6 18. Qg4) 18. Qg4 $4 { [%eval 1.43]   Blunder. Qxd5 was best. }  (18. Qxd5
Rxd5 19. Nxe7+ Kh8 20. Nxd5 Qd4 21. Nc3 Qxe5 22. Bf4 (22. Rd1 Qf6 23. Be3 h6
24. Rd2 Rd8) 22... Qa5 23. Rad1) 18... Qg6 { [%eval 1.45] } 19. Qxg6 { [%eval
1.36] } 19... hxg6 { [%eval 1.51] } 20. Nxe7+ { [%eval 1.55] } 20... Nxe7 {
[%eval 1.54] } 21. Bg5 { [%eval 1.39] } 21... Rd7 { [%eval 1.67] } 22. Rfe1 {
[%eval 1.78] } 22... Rc8 { [%eval 2.06] } 23. e6 { [%eval 1.95] } 23... fxe6 {
[%eval 1.82] } 24. Rxe6 { [%eval 1.83] } 24... Kf7 $6 { [%eval 2.74]
Inaccuracy. Nf5 was best. }  (24... Nf5 25. Kg2 Rc2 26. Rb1 Kh7 27. Re8 Nh6 28.
h3 a6 29. Bf4 Rf7 30. Ree1 g5 31. Be3) 25. Rxe7+ $6 { [%eval 1.69]
Inaccuracy. Rae1 was best. }  (25. Rae1 Nd5 26. R6e2 Nf6 27. h4 a6 28. Kg2 b5
29. Rc1 Rxc1 30. Bxc1 Rc7 31. Be3 Rc4) 25... Rxe7 { [%eval 1.69] } 26. Bxe7 {
[%eval 1.73] } 26... Kxe7 { [%eval 1.9] } 27. Re1+ { [%eval 1.76] } 27... Kf7 {
[%eval 1.92] } 28. Re2 { [%eval 1.76] } 28... Kf6 { [%eval 1.95] } 29. Kg2 {
[%eval 2.04] } 29... Rc7 { [%eval 1.97] } 30. a3 { [%eval 1.42] } 30... a6 $6 {
[%eval 2.16]   Inaccuracy. Rd7 was best. }  (30... Rd7 31. b3) 31. Re3 { [%eval
1.78] } 31... Rc2 { [%eval 1.77] } 32. Rb3 { [%eval 1.86] } 32... Rc7 $2 {
[%eval 3.96]   Mistake. b5 was best. }  (32... b5 33. Rf3+) 33. Rf3+ $6 {
[%eval 2.46]   Inaccuracy. Rb6+ was best. }  (33. Rb6+ Kf5 34. Kf3 Kg5 35. h3
Kh6 36. g4 Kh7 37. g5 Re7 38. h4 Rc7 39. Kg4 Rf7) 33... Ke6 { [%eval 2.43] }
34. h4 { [%eval 2.28] } 34... Rc2 { [%eval 2.5] } 35. Rb3 { [%eval 2.2] } 35...
Rc7 $2 { [%eval 4.19]   Mistake. b5 was best. }  (35... b5 36. Re3+ Kf5 37.
Rf3+ Ke6 38. b4 Rc6 39. Rd3 a5 40. Re3+ Kf6 41. Rf3+ Ke7 42. bxa5) 36. Kh3 $6 {
[%eval 3.28]   Inaccuracy. Rb6+ was best. }  (36. Rb6+ Kf7 37. a4 Re7 38. a5
Rd7 39. Kf3 Re7 40. b3 Rc7 41. Ke4 Kg8 42. Rxg6 Rc5) 36... b5 { [%eval 3.21] }
37. Kg4 { [%eval 3.52] }  (37. Rc3 { I was thinking of playing this. luckily I
didn't :D } ) 37... Kf7 { [%eval 3.49] } 38. Rf3+ { [%eval 3.56] }  (38. Rc3
Rd7 39. b4 Rd2 40. f3 Rd6) 38... Kg8 { [%eval 3.63] } 39. Kg5 $6 { [%eval 2.66]
Inaccuracy. Rc3 was best. }  (39. Rc3) 39... Kh7 { [%eval 2.67] } 40. Rc3 {
[%eval 2.59] } 40... Rf7 $6 { [%eval 3.33]   Inaccuracy. Rd7 was best. }  (
40... Rd7 41. b4 Rd2 42. f4 Rd6 43. Rb3 Rc6 44. Kg4 Rc1 45. Kf3 Kh6 46. Rd3 Rc6
47. Re3) 41. f4 { [%eval 3.16] } 41... Rf5+ { [%eval 3.39] } 42. Kg4 { [%eval
3.44] } 42... Rf6 { [%eval 3.7] } 43. Re3 $6 { [%eval 2.67]   Inaccuracy. Kf3
was best. }  (43. Kf3 Rd6 44. Ke4 Kh6 45. b4 Kh5 46. Rc5+ Kg4 47. Rg5+ Kh3 48.
Ke5 Rc6 49. f5 Rc3) 43... Rd6 { [%eval 2.59] } 44. b3 { [%eval 2.47] } 44...
Kh6 { [%eval 2.67] } 45. Kh3 { [%eval 2.48] } 45... Rd4 $2 { [%eval 4.45]
Mistake. Kh7 was best. }  (45... Kh7 46. Kg4) 46. Rf3 $4 { [%eval 1.16]
Blunder. Re6 was best. }  (46. Re6 a5 47. f5) 46... Rd5 $2 { [%eval 2.69]
Mistake. a5 was best. }  (46... a5 47. Kg4 Rd2 48. Re3 Rb2 49. f5 gxf5+ 50.
Kxf5 Kh5 51. Ke5 Rd2 52. Ke6 Kg4 53. Kf7) 47. b4 { [%eval 2.7] } 47... Kh7 {
[%eval 2.87] } 48. g4 $4 { [%eval 0.2]   Blunder. Kg4 was best. }  (48. Kg4 Rd6
49. Rb3 Rc6 50. Kf3 Kg8 51. Rd3 Kf7 52. Rd7+ Kg8 53. Ke4 Rc3 54. Rd3 Rc4+)
48... Kh6 $4 { [%eval 2.27]   Blunder. Rd4 was best. }  (48... Rd4 49. g5 a5
50. bxa5 Ra4 51. Rc3 Rxa5 52. Kg4) 49. Re3 { [%eval 2.49] } 49... Rd4 $6 {
[%eval 3.37]   Inaccuracy. Rd6 was best. }  (49... Rd6 50. Rb3) 50. Kg3 $6 {
[%eval 2.6]   Inaccuracy. Re6 was best. }  (50. Re6 Rd3+ 51. Kg2 Rd2+ 52. Kg3
Rd3+ 53. Kf2 a5 54. bxa5 Kh7 55. Rb6 Rxa3 56. Rxb5 Kh8) 50... Rd5 $6 { [%eval
3.91]   Inaccuracy. Kh7 was best. }  (50... Kh7 51. Rb3) 51. Kf3 { [%eval 4.11]
} 51... Rd4 { [%eval 4.73] } 52. Rc3 { [%eval 4.31] } 52... Rd6 { [%eval 4.22]
} 53. Ke4 { [%eval 4.66] } 53... Re6+ { [%eval 4.98] } 54. Kd5 { [%eval 5.13] }
54... Rf6 $2 { [%eval 12.16]   Mistake. Re1 was best. }  (54... Re1 55. Rc6 Rg1
56. g5+ Kh5 57. Rxa6 Rc1 58. Ra5 Rc3 59. Rxb5 Rd3+ 60. Kc6 Rxa3 61. Rd5) 55.
g5+ { [%eval 14.12]   Black resigns } 1-0

[Event "Julian Mazur Memorial"]
[Site "Wellington Chess Club"]
[Date "2023.08.25"]
[Round "6.10"]
[White "Forster, Bill"]
[Black "Saglam, Azra Sena"]
[Result "1-0"]
[WhiteElo "2016"]
[BlackElo "1546"]

1. e4 c5 2. Be2 Nc6 3. d3 g6 4. f4 d6 5. Nf3 Bg7 6. O-O e6 7. Qe1 Nge7 8. Nc3
a6 9. Qh4 b5 10. Bd1 Bb7 11. g4 Nd4 12. Ne2 Nec6 13. Qh3 h5 14. g5 Qd7 15. c3
Nxf3+ 16. Qxf3 O-O-O 17. Be3 Kb8 18. Bc2 Bf8 19. Qf2 Be7 20. d4 c4 21. d5 exd5
22. exd5 Na5 23. Bb6 Rc8 24. Be4 Bd8 25. Bd4 Re8 26. Bf3 Qf5 27. Rfd1 Rc7 28.
Bb6 Rce7 29. Bxd8 Rxd8 30. Qb6 Rde8 31. Rd2 Qh3 32. Rf1 Re3 33. Nd4 Ka8 34.
Qxa5 Re1 35. Rf2 h4 36. Qb6 R8e3 37. Nc6 Bxc6 38. dxc6 Qc8 39. c7+ Rxf3 40.
Rxf3 Re7 41. Qc6+ Ka7 42. R3f2 Qxc7 43. Qxc7+ Rxc7 44. Re2 Kb6 45. f5 Rc5 46.
Re7 gxf5 47. Rxf7 f4 48. Rg7 Re5 49. Rxf4 Re2 50. Rf2 Re4 51. Rh7 1-0

[Event "Julian Mazur Memorial"]
[Site "Wellington Chess Club"]
[Date "2023.08.25"]
[Round "6.14"]
[White "Hupert, Leo"]
[Black "Lavender, Ariel"]
[Result "0-1"]
[WhiteElo "1350"]
[BlackElo "1603"]

1. e4 c5 2. Bc4 e6 3. d4 cxd4 4. Qxd4 Nc6 5. Qd1 Nf6 6. Bg5 Be7 7. Bxf6 Bxf6 8.
c3 Qc7 9. Ne2 O-O 10. O-O Ne5 11. Bb3 b5 12. Nd2 Bb7 13. Bc2 d5 14. Ng3 Rfd8
15. f4 Qb6+ 16. Kh1 Nc4 17. Nxc4 dxc4 18. Qg4 Rd2 19. Nh5 Qd8 20. e5 Rxg2 21.
Nxf6+ Qxf6 22. exf6 Rxg4+ 0-1

[Event "Julian Mazur Memorial"]
[Site "Wellington Chess Club"]
[Date "2023.08.25"]
[Round "6.16"]
[White "Tan, Jin"]
[Black "Ashe, Michael"]
[Result "1-0"]
[WhiteElo "1236"]
[BlackElo "1707"]

1. e4 c6 2. d4 d5 3. Nc3 dxe4 4. Nxe4 Nf6 5. Nxf6+ exf6 6. Nf3 Bd6 7. Bd3 O-O
8. O-O Bg4 9. c3 Bh5 10. Be2 Re8 11. Be3 Nd7 12. d5 Ne5 13. Nxe5 Bxe2 14. Qxe2
fxe5 15. dxc6 bxc6 16. Rfd1 Qc7 17. Rd2 Rad8 18. Rad1 Be7 19. Qa6 Rxd2 20. Rxd2
Bd6 21. Qxa7 Qxa7 22. Bxa7 Bc7 23. b3 f5 24. f3 Re7 25. Bc5 Rf7 26. Bd6 Rd7 27.
Bxc7 Rxd2 28. a4 e4 29. fxe4 fxe4 30. Bb6 Kf7 31. a5 Ra2 32. b4 Ke6 33. c4 Rc2
34. a6 Rxc4 35. a7 Rc1+ 36. Kf2 Ra1 37. Ba5 1-0

[Event "Julian Mazur Memorial"]
[Site "Wellington Chess Club"]
[Date "2023.08.25"]
[Round "6.18"]
[White "He, Jacob"]
[Black "Fairbrother, Rebecca"]
[Result "1-0"]
[WhiteElo "889"]
[BlackElo "918"]

1. e4 e5 2. Nf3 Nc6 3. d3 Nf6 4. Bg5 Bb4+ 5. c3 Bc5 6. Nbd2 h6 7. Bh4 Ng4 8.
Bxd8 Bxf2+ 9. Ke2 O-O 10. Bh4 Be3 11. Qb3 d6 12. h3 Be6 13. Qxb7 f5 14. Qxc6 d5
15. Qxe6+ Rf7 16. Qxd5 Rb8 17. exf5 Rxb2 18. Nxe5 Rxd2+ 19. Ke1 Nf2 20. Qxf7+
Kh8 21. Qg6 Nxh1 22. Rb1 Bf2+ 23. Bxf2 Nxf2 24. Rb8# 1-0

[Event "Julian Mazur Memorial"]
[Site "Wellington Chess Club"]
[Date "2023.08.25"]
[Round "6.22"]
[White "Osborne, Geoff"]
[Black "Darr, Samuel"]
[Result "1-0"]
[WhiteElo "1434"]
[BlackElo "1598"]

1. e4 e6 2. d4 d5 3. exd5 exd5 4. Nf3 Nf6 5. Bd3 c5 6. c3 Nc6 7. O-O Bg4 8. Be3
Qb6 9. Re1 Be7 10. Na3 c4 11. Be2 Qxb2 12. Nc2 Qxc3 13. Bd2 Qb2 14. Bg5 O-O 15.
Ne5 Bxe2 16. Rxe2 Rfe8 17. Nxc6 bxc6 18. Ne3 Qb7 19. Rb1 Qc7 20. Qe1 Ne4 21.
Bxe7 Rxe7 22. Rbb2 c5 23. Nxd5 Qd6 24. Nxe7+ Qxe7 25. Rb8+ Qe8 26. Rxe8+ Rxe8
27. dxc5 Kf8 28. c6 1-0

[Event "Julian Mazur Memorial"]
[Site "Wellington Chess Club"]
[Date "2023.08.25"]
[Round "6.23"]
[White "Milsom, Marcel"]
[Black "He, Zachary"]
[Result "0-1"]
[WhiteElo "1000"]
[BlackElo "1150"]

1. d4 Nf6 2. c4 g6 3. Nc3 Bg7 4. e4 d6 5. Be2 O-O 6. Be3 e5 7. d5 Nbd7 8. Nf3
Nc5 9. Bd3 Nxd3+ 10. Qxd3 Bg4 11. Qe2 c6 12. O-O cxd5 13. exd5 e4 0-1

[Event "Julian Mazur Memorial"]
[Site "Wellington Chess Club"]
[Date "2023.08.31"]
[Round "7.1"]
[White "Cilia Vincenti, David"]
[Black "Langford, Josh"]
[Result "1-0"]
[WhiteElo "2124"]
[BlackElo "2137"]

1. c4 e6 2. g3 d5 3. Bg2 Nf6 4. Nf3 Bd6 5. d4 O-O 6. O-O Nc6 7. Nbd2 a5 8. Qc2
Nb4 9. Qb1 c5 10. e4 dxe4 11. Nxe4 Nxe4 12. Qxe4 f5 13. Qe2 cxd4 14. Nxd4 e5
15. Nb5 Bb8 16. Rd1 Qe7 17. a3 Nc6 18. Bd5+ Be6 19. Qh5 e4 20. Bg5 Qf7 21.
Qxf7+ Kxf7 22. Bxe6+ Kxe6 23. Nd4+ Nxd4 24. Rxd4 Be5 25. Rd5 Rfc8 26. Rb5 h6
27. Be3 Rxc4 28. Rb6+ Rc6 29. Rxb7 Rd8 30. h4 Rd3 31. Re1 Rc2 32. Rb6+ Rd6 33.
Rxd6+ Kxd6 34. b4 a4 35. b5 Bb2 36. Rd1+ Kc7 37. b6+ Kc6 38. Rd8 Rc3 39. Rc8+
Kb7 40. Rf8 Rb3 41. Rf7+ Kc6 42. Rc7+ Kd5 43. b7 Be5 44. Rc5+ Ke6 45. Rxe5+
Kxe5 46. Bf4+ Kd4 47. b8=Q Rxb8 48. Bxb8 g5 49. h5 e3 50. Ba7+ Ke4 51. Bxe3 f4
52. gxf4 gxf4 53. Bc5 Kf5 54. Kg2 Kg4 55. Bf8 Kxh5 56. Kf3 Kg5 57. Bxh6+ 1-0

[Event "Julian Mazur Memorial"]
[Site "Wellington Chess Club"]
[Date "2023.08.31"]
[Round "7.2"]
[White "Van der Hoorn, Thomas"]
[Black "Archer, Ollie"]
[Result "1/2-1/2"]
[WhiteElo "2138"]
[BlackElo "2158"]

1. d4 d5 2. Nf3 Nf6 3. Bf4 c5 4. c3 e6 5. e3 Bd6 6. Ne5 O-O 7. Nd2 Nc6 8. Ndf3
Qc7 9. Bd3 Ne4 10. Bg3 Ne7 11. dxc5 Qxc5 12. Bxe4 dxe4 13. Nd7 Bxd7 14. Bxd6
Qd5 15. Bxe7 Rfe8 16. Bh4 exf3 17. Qxd5 exd5 18. gxf3 f5 19. O-O-O Bc6 20. Rhg1
Kf7 21. Bg3 Re6 22. b4 b5 23. Rd4 g6 24. h4 h5 25. Bf4 Rc8 26. Kb2 Bb7 27. Ra1
Bc6 28. Bg5 Rc7 29. Rad1 Bb7 30. Bf4 Rce7 31. Bb8 Bc6 32. Bf4 Rb7 1/2-1/2

[Event "Julian Mazur Memorial"]
[Site "Wellington Chess Club"]
[Date "2023.08.31"]
[Round "7.3"]
[White "Timergazi, Layla"]
[Black "Sellen, Ian"]
[Result "1-0"]
[WhiteElo "2137"]
[BlackElo "2039"]

1. d4 d5 2. Nc3 Nf6 3. Bf4 Bf5 4. e3 e6 5. f3 Nh5 6. Be5 f6 7. Bg3 Nxg3 8. hxg3
Bd6 9. Kf2 c6 10. Bd3 Qc7 11. Nge2 Nd7 12. Bxf5 exf5 13. Qd3 g6 14. e4 fxe4 15.
fxe4 dxe4 16. Qxe4+ Kf7 17. Raf1 Rae8 18. Qf3 Kg7 19. Kg1 Qb6 20. Ne4 Be7 21.
Qg4 Qc7 22. Nf4 Nf8 23. Nh5+ Kf7 24. Nexf6 Bxf6 25. Nxf6 Re1 26. Rxe1 Kxf6 1-0

[Event "Julian Mazur Memorial"]
[Site "Wellington Chess Club"]
[Date "2023.08.31"]
[Round "7.4"]
[White "Young, Cohen"]
[Black "Sethuramalingam, Karthik"]
[Result "1-0"]
[WhiteElo "2099"]
[BlackElo "1730"]

1. e4 e5 2. Nf3 Nc6 3. Bb5 a6 4. Ba4 b5 5. Bb3 Nf6 6. O-O Nxe4 7. d4 d5 8. dxe5
Be6 9. c3 Be7 10. Nbd2 Bg4 11. Nxe4 dxe4 12. Qd5 O-O 13. Qxe4 Bxf3 14. gxf3 Na5
15. Bc2 g6 16. Bh6 Re8 17. e6 Bg5 18. Rad1 Qf6 19. Rd7 fxe6 20. Bg7 Qf4 21. Be5
Qxe4 22. Bxe4 c6 23. Rg7+ Kf8 24. Rxh7 Rac8 25. Bxg6 Red8 26. Bc7 Rxc7 27. Rxc7
1-0

[Event "Julian Mazur Memorial"]
[Site "Wellington Chess Club"]
[Date "2023.08.31"]
[Round "7.5"]
[White "Rossiter, Philip E"]
[Black "Loke, Kayden"]
[Result "1/2-1/2"]
[WhiteElo "1794"]
[BlackElo "2045"]

1. c4 c5 2. Nc3 Nc6 3. g3 g6 4. Bg2 Bg7 5. Nf3 e6 6. O-O Nge7 7. d3 d5 8. cxd5
exd5 9. Bg5 f6 10. Bd2 Be6 11. Rc1 Qd7 12. a3 b6 13. Qc2 Bh3 14. e4 Bxg2 15.
Kxg2 d4 16. Ne2 h5 17. h4 Bh6 18. Bxh6 Rxh6 19. Qd2 Rh8 20. b4 g5 21. bxc5 b5
22. Qb2 gxh4 23. Nxh4 a6 24. Nf4 O-O-O 25. Qb3 Rdg8 26. Qe6 Qxe6 27. Nxe6 Ng6
28. Nxg6 Rxg6 29. Nf4 Rg7 30. Rh1 Ne5 31. Rxh5 Rxh5 32. Nxh5 Nxd3 33. Rd1 Nb2
34. Rxd4 Rf7 35. Rd6 a5 36. Rb6 Rb7 37. Rxf6 Nc4 38. Rf3 Nd2 39. Rd3 Nxe4 40.
Nf4 b4 41. axb4 axb4 42. Rb3 Nxc5 43. Rb1 b3 44. Ne2 Ne4 45. Rb2 Kd7 46. Nd4
Nc5 47. Nxb3 Nxb3 48. g4 Ke6 49. Kg3 Kf6 50. f4 Rb5 51. g5+ Kf5 52. Re2 Nd4 53.
Re5+ 1/2-1/2